[Event "2. Abierto Hotel Cemar 2015"]
[Site "Mondariz ESP"]
[Date "2015.08.18"]
[Round "4.8"]
[White "Campos Calvo-sotelo, Juan"]
[Black "Laliena Solanes, Luis"]
[Result "0-1"]
[WhiteElo "1956"]
[BlackElo "2207"]
[PlyCount "108"]
[EventDate "2015.08.16"]
[EventType "swiss"]
[EventRounds "9"]
[EventCountry "ESP"]
[Source "lmi"]
[SourceDate "2015.08.16"]

1. b4 c6 2. c4 d5 3. cxd5 cxd5 4. e3 e5 5. a3 a5 6. Bb2 f6 7. b5 Be6 8. Nf3 Nd7
9. Nc3 Nh6 10. Be2 Nf5 11. Na4 Be7 12. O-O O-O 13. Rc1 Bd6 14. d3 Qe7 15. e4
Nh6 16. exd5 Bxd5 17. Nc3 Bf7 18. a4 Nc5 19. Nd2 Rfd8 20. Nce4 Nxe4 21. Nxe4
Bb4 22. Qc2 Nf5 23. Ng3 Be6 24. Bg4 Nd4 25. Bxe6+ Qxe6 26. Qc4 Rac8 27. Qxe6+
Nxe6 28. Rc4 Rxc4 29. dxc4 Nc5 30. h3 Nxa4 31. Ba1 Nb6 32. c5 Bxc5 33. Bc3 a4
34. Ne4 Bd4 35. Bxd4 exd4 36. Nc5 d3 37. Rd1 d2 38. Kf1 Nc4 39. Nxa4 Rd5 40.
Nc3 Rd3 41. Nb1 Kf7 42. Ke2 Rd5 43. Nxd2 Rxd2+ 44. Rxd2 Nxd2 45. Kxd2 Ke6 46.
Kc3 Kd5 47. Kb4 b6 48. g3 Kd4 49. f3 Kd5 50. f4 h5 51. g4 hxg4 52. hxg4 g6 53.
g5 f5 54. Kc3 Ke4 0-1

[Event "2. Abierto Hotel Cemar 2015"]
[Site "Mondariz ESP"]
[Date "2015.08.18"]
[Round "4.9"]
[White "Maquieira Vidal, Alvaro"]
[Black "Tallarico Tallarico, Ovidio Mario"]
[Result "0-1"]
[WhiteElo "1832"]
[BlackElo "2114"]
[PlyCount "74"]
[EventDate "2015.08.16"]
[EventType "swiss"]
[EventRounds "9"]
[EventCountry "ESP"]
[Source "lmi"]
[SourceDate "2015.08.16"]

1. e4 c5 2. Nc3 Nc6 3. Bb5 g6 4. Bxc6 bxc6 5. f4 d6 6. Nf3 Bg7 7. O-O c4 8. b3
Ba6 9. Rf2 Nf6 10. bxc4 Ng4 11. Rf1 Bxc4 12. Re1 O-O 13. h3 Nf6 14. e5 dxe5 15.
fxe5 Nd7 16. d3 Nxe5 17. Nxe5 Qd4+ 18. Be3 Qxc3 19. Nxc4 Qxa1 20. Qxa1 Bxa1 21.
Rxa1 f6 22. Bc5 Kf7 23. Rb1 Rab8 24. Rxb8 Rxb8 25. Bxa7 Ra8 26. Bc5 Rxa2 27. c3
Rc2 28. Bb4 c5 29. Ba5 e5 30. Nd6+ Ke6 31. Ne4 f5 32. Nxc5+ Kd5 33. Bb4 e4 34.
dxe4+ fxe4 35. Nd7 e3 36. Nf6+ Kc4 37. Nxh7 Rc1+ 0-1

[Event "2. Abierto Hotel Cemar 2015"]
[Site "Mondariz ESP"]
[Date "2015.08.18"]
[Round "4.10"]
[White "Boo Vallejo, Marcos"]
[Black "Belsley, Alexandre"]
[Result "1/2-1/2"]
[WhiteElo "1771"]
[BlackElo "2026"]
[PlyCount "76"]
[EventDate "2015.08.16"]
[EventType "swiss"]
[EventRounds "9"]
[EventCountry "ESP"]
[Source "lmi"]
[SourceDate "2015.08.16"]

1. e4 c6 2. d4 d5 3. Nc3 dxe4 4. Nxe4 Bf5 5. Ng3 Bg6 6. Nf3 Nd7 7. Bd3 e6 8.
O-O Ngf6 9. b3 Be7 10. c4 O-O 11. Bxg6 hxg6 12. Bb2 a5 13. Qe2 a4 14. Rac1 Qb6
15. Qc2 axb3 16. axb3 Ra2 17. Ra1 Rfa8 18. Rxa2 Rxa2 19. Ra1 Qa5 20. Qb1 Rxa1
21. Qxa1 Qxa1+ 22. Bxa1 Bb4 23. Kf1 Kf8 24. Ke2 Ke7 25. Kd3 Bd6 26. Ne4 Nxe4
27. Kxe4 Nf6+ 28. Kd3 Ng4 29. Ke2 Nf6 30. Bc3 Ne4 31. Be1 g5 32. Kd3 f5 33. h3
Bf4 34. Bb4+ Kf6 35. Ke2 Bc7 36. Nd2 Nxd2 37. Bxd2 Bb6 38. Bc3 Kf7 1/2-1/2

[Event "2. Abierto Hotel Cemar 2015"]
[Site "Mondariz ESP"]
[Date "2015.08.18"]
[Round "4.11"]
[White "Garcia Sobrino, David"]
[Black "Galvez Perez, Jose Luis"]
[Result "1-0"]
[WhiteElo "2026"]
[BlackElo "1906"]
[PlyCount "115"]
[EventDate "2015.08.16"]
[EventType "swiss"]
[EventRounds "9"]
[EventCountry "ESP"]
[Source "lmi"]
[SourceDate "2015.08.16"]

1. e4 g6 2. d4 Bg7 3. Nc3 d6 4. f4 Nf6 5. Nf3 O-O 6. Bd3 Na6 7. e5 Nd7 8. Ng5
Nb6 9. h4 c5 10. h5 cxd4 11. hxg6 fxg6 12. Rxh7 Rf5 13. Bxf5 Bxf5 14. Qxd4 dxe5
15. Rxg7+ Kxg7 16. Qxe5+ Kg8 17. Ne6 Bxe6 18. Qxe6+ Kg7 19. f5 Qd6 20. f6+ Kh8
21. Qxe7 Qxe7+ 22. fxe7 Nb4 23. Kf2 Nxc2 24. Rb1 Nb4 25. Bg5 Kg7 26. Nb5 N6d5
27. Rd1 a6 28. Nd6 Nc7 29. Nxb7 Nbd5 30. Nd8 Nf6 31. Bf4 Nce8 32. Be5 Rc8 33.
Rd2 Kg8 34. Kf3 g5 35. g4 Rc4 36. Ne6 Nxg4 37. Bc3 Kf7 38. Nxg5+ Kxe7 39. Re2+
Kd7 40. Ne4 Nh6 41. b3 Rc6 42. Ba5 Nf5 43. Kf4 Ne7 44. Rd2+ Ke6 45. Ng5+ Kf6
46. Bd8 Ng7 47. Rd7 Ne6+ 48. Nxe6 Rxe6 49. Rxe7 Rxe7 50. Bxe7+ Kxe7 51. Ke5 Kd7
52. Kd5 Kc7 53. Kc5 Kb7 54. b4 Kc7 55. a3 Kb7 56. a4 Kc7 57. a5 Kb7 58. Kd6 1-0

[Event "2. Abierto Hotel Cemar 2015"]
[Site "Mondariz ESP"]
[Date "2015.08.18"]
[Round "4.12"]
[White "Rodriguez Dominguez, Miguel I"]
[Black "Perez Romero, Alfredo"]
[Result "1-0"]
[WhiteElo "2017"]
[BlackElo "1806"]
[PlyCount "87"]
[EventDate "2015.08.16"]
[EventType "swiss"]
[EventRounds "9"]
[EventCountry "ESP"]
[Source "lmi"]
[SourceDate "2015.08.16"]

1. d4 Nf6 2. Nf3 g6 3. g3 Bg7 4. Bg2 O-O 5. O-O d5 6. Ne5 c6 7. c4 Be6 8. Nd2
Nbd7 9. cxd5 cxd5 10. Nd3 Bf5 11. Nf4 e6 12. b3 Rc8 13. Ba3 Re8 14. Bb2 Nb8 15.
Rc1 Nc6 16. Nf3 Be4 17. Ne5 Nxe5 18. dxe5 Bxg2 19. Rxc8 Qxc8 20. exf6 Bxf1 21.
fxg7 e5 22. Nxd5 Bh3 23. Nf6+ Kxg7 24. Nxe8+ Qxe8 25. Qd5 f6 26. Qxb7+ Qd7 27.
Qxd7+ Bxd7 28. f4 e4 29. Kf2 Kf7 30. Ke3 f5 31. Kd4 Bb5 32. e3 Ke6 33. Kc5 Bd3
34. b4 a6 35. a4 Bc2 36. b5 axb5 37. axb5 Bb3 38. Kc6 Ba4 39. Ba3 Kf7 40. Kc5
Ke6 41. b6 Kd7 42. Kd5 Kc8 43. Ke5 Bd1 44. Kf6 1-0

[Event "2. Abierto Hotel Cemar 2015"]
[Site "Mondariz ESP"]
[Date "2015.08.18"]
[Round "4.13"]
[White "Bello Filgueira, Joaquin Antonio"]
[Black "Lorenzo Duran, Marcos"]
[Result "1-0"]
[WhiteElo "1831"]
[BlackElo "2160"]
[PlyCount "168"]
[EventDate "2015.08.16"]
[EventType "swiss"]
[EventRounds "9"]
[EventCountry "ESP"]
[Source "lmi"]
[SourceDate "2015.08.16"]

1. e4 e6 2. d4 d5 3. Nd2 Nf6 4. e5 Nfd7 5. f4 c5 6. Ngf3 Nc6 7. Bb5 Qb6 8. Bxc6
bxc6 9. c3 cxd4 10. Nxd4 c5 11. N4b3 a5 12. Nf3 a4 13. Nbd2 Be7 14. O-O O-O 15.
Re1 c4+ 16. Nd4 Nc5 17. N2f3 a3 18. Re2 axb2 19. Rxb2 Qc7 20. a4 Bd7 21. Rba2
Ne4 22. Qc2 Ra5 23. Be3 Bc5 24. Nd2 Nxd2 25. Qxd2 Rfa8 26. g4 Rxa4 27. Rxa4
Rxa4 28. Rxa4 Bxa4 29. Qa2 Qa5 30. Kf2 g6 31. Qd2 Bd7 32. Qb2 Qb6 33. Qxb6 Bxb6
34. g5 Ba4 35. Ke2 Bc5 36. Kd2 Ba3 37. Ne2 Kf8 38. Bf2 Ke8 39. Bg3 Kd7 40. Bf2
Be7 41. Be3 Kc7 42. Bf2 Bd7 43. Kc2 Kb7 44. Kb2 Ka6 45. Nd4 Ka5 46. Be3 Ba4 47.
Kc1 Ba3+ 48. Kd2 Bd7 49. Kc2 Ka4 50. Ne2 Be7 51. Kb2 Bd8 52. Bc5 Kb5 53. Be3
Ba5 54. Nd4+ Ka4 55. Ne2 Bc7 56. Bc5 Kb5 57. Be3 Ka5 58. Bc5 Ba4 59. Kc1 Bb3
60. Nd4 Ka4 61. Kd2 Ba5 62. Ne2 Kb5 63. Be3 Bd8 64. Nd4+ Ka4 65. Nc6 Bc7 66.
Ne7 Ka3 67. Ng8 Ba4 68. Nf6 Bd8 69. Nxh7 Be7 70. Nf6 Kb2 71. Bd4 Kb1 72. Ng8
Ba3 73. Ke3 Kc2 74. Nf6 Bc1+ 75. Kf3 Bd2 76. Nxd5 exd5 77. f5 Bxg5 78. e6 Be8
79. Kg4 Bd2 80. fxg6 fxg6 81. e7 Bd7+ 82. Kh4 Bxc3 83. Bxc3 Kxc3 84. Kg5 Be8
1-0

[Event "2. Abierto Hotel Cemar 2015"]
[Site "Mondariz ESP"]
[Date "2015.08.18"]
[Round "4.14"]
[White "Adams, Philip"]
[Black "Garcia Bugallo, Jose Luis"]
[Result "1-0"]
[WhiteElo "2015"]
[BlackElo "1815"]
[PlyCount "77"]
[EventDate "2015.08.16"]
[EventType "swiss"]
[EventRounds "9"]
[EventCountry "ESP"]
[Source "lmi"]
[SourceDate "2015.08.16"]

1. e4 c5 2. Nf3 d6 3. Bb5+ Bd7 4. Bxd7+ Qxd7 5. O-O Nc6 6. c3 Nf6 7. Re1 e5 8.
d4 cxd4 9. cxd4 g6 10. Nc3 Bg7 11. dxe5 dxe5 12. Nd5 h6 13. Nxf6+ Bxf6 14.
Qxd7+ Kxd7 15. Be3 Bg7 16. Rad1+ Ke6 17. Rd2 Rhd8 18. Red1 b6 19. Rd5 Ke7 20.
Rxd8 Rxd8 21. Rxd8 Kxd8 22. a3 g5 23. Kf1 Na5 24. Nd2 Bf8 25. b4 Nb7 26. Nc4 f6
27. Ke2 Nd6 28. Nxd6 Bxd6 29. Kd3 Kd7 30. Kc4 Kc7 31. a4 Be7 32. g4 Kc6 33. f3
Kd6 34. Kb5 Kc7 35. a5 Kb7 36. axb6 axb6 37. Bxb6 Bxb4 38. Bd8 Bd2 39. Kc5 1-0

[Event "2. Abierto Hotel Cemar 2015"]
[Site "Mondariz ESP"]
[Date "2015.08.18"]
[Round "4.15"]
[White "Meira Iglesias, Alejandro"]
[Black "De Sousa Da Silva, Armando"]
[Result "1/2-1/2"]
[WhiteElo "1773"]
[BlackElo "1958"]
[PlyCount "72"]
[EventDate "2015.08.16"]
[EventType "swiss"]
[EventRounds "9"]
[EventCountry "ESP"]
[Source "lmi"]
[SourceDate "2015.08.16"]

1. d4 Nf6 2. c4 g6 3. Nc3 d5 4. cxd5 Nxd5 5. e4 Nxc3 6. bxc3 Bg7 7. Qa4+ c6 8.
Nf3 O-O 9. Be2 c5 10. Be3 Nc6 11. O-O Bg4 12. Rad1 Qc8 13. Rc1 Bd7 14. Qa3 cxd4
15. cxd4 Qd8 16. h3 a6 17. d5 Na7 18. e5 Bb5 19. Bxb5 Nxb5 20. Qb3 Qb8 21. a4
Na7 22. d6 exd6 23. exd6 Nc6 24. Bb6 Qxd6 25. Bc5 Qc7 26. Bxf8 Rxf8 27. Rfd1
Qe7 28. Qb6 h6 29. Rd2 Qa3 30. Rcd1 Qxa4 31. Qxb7 Rb8 32. Qc7 Re8 33. Rc1 Ne5
34. Nxe5 Bxe5 35. Qd7 Qxd7 36. Rxd7 Rb8 1/2-1/2

[Event "2. Abierto Hotel Cemar 2015"]
[Site "Mondariz ESP"]
[Date "2015.08.18"]
[Round "4.16"]
[White "Garcia Lafuente, Luis Mario"]
[Black "Lesteiro Lores, Manuel Raul"]
[Result "0-1"]
[WhiteElo "1492"]
[BlackElo "1940"]
[PlyCount "110"]
[EventDate "2015.08.16"]
[EventType "swiss"]
[EventRounds "9"]
[EventCountry "ESP"]
[Source "lmi"]
[SourceDate "2015.08.16"]

1. d4 d5 2. Bf4 c5 3. c3 e6 4. e3 Nc6 5. Nd2 Nf6 6. Bd3 Bd6 7. Bxd6 Qxd6 8. f4
Bd7 9. Nh3 h5 10. O-O Ng4 11. Qf3 f5 12. Ng5 g6 13. a4 c4 14. Bc2 Na5 15. Rfb1
b6 16. h3 Nf6 17. Qg3 h4 18. Qe1 Qe7 19. Ndf3 O-O-O 20. b4 cxb3 21. Bxb3 Ne4
22. Nxe4 fxe4 23. Ne5 Rhg8 24. c4 g5 25. cxd5 Nxb3 26. Rxb3 exd5 27. Qc3+ Kb7
28. Nxd7 Qxd7 29. a5 gxf4 30. exf4 Rg3 31. a6+ Kb8 32. Qc2 Rc8 33. Qb2 Rxb3 34.
Qxb3 Rc4 35. Qe3 Qg7 36. f5 Qxd4 37. Qxd4 Rxd4 38. f6 Rc4 39. f7 Rc8 40. Rf1
Rf8 41. Rf4 b5 42. Kf2 d4 43. Ke1 Kc7 44. Rxe4 Kb6 45. Rxd4 Rxf7 46. Rxh4 Kxa6
47. Rh6+ Ka5 48. Rh5 Ka4 49. Rh4+ b4 50. Rd4 Ka3 51. Rd5 b3 52. Ra5+ Kb4 53.
Rg5 b2 54. Rg4+ Kb3 55. Rg3+ Kc2 0-1

[Event "2. Abierto Hotel Cemar 2015"]
[Site "Mondariz ESP"]
[Date "2015.08.18"]
[Round "4.17"]
[White "Ferreiro Diaz, Miguel"]
[Black "Salgado Gonzalez, Julio"]
[Result "1/2-1/2"]
[WhiteElo "1877"]
[BlackElo "1801"]
[PlyCount "111"]
[EventDate "2015.08.16"]
[EventType "swiss"]
[EventRounds "9"]
[EventCountry "ESP"]
[Source "lmi"]
[SourceDate "2015.08.16"]

1. e4 Nc6 2. Nc3 Nf6 3. f4 d5 4. e5 Ng4 5. d4 g6 6. Be2 Nh6 7. Bf3 e6 8. Nge2
Bg7 9. O-O O-O 10. Be3 b6 11. Ng3 Ba6 12. Re1 Ne7 13. Nh1 Rc8 14. b4 c6 15. Bf2
Nef5 16. Qd2 Rc7 17. Bd1 Kh8 18. g4 Ne7 19. Bh4 Qc8 20. a4 Bc4 21. Ng3 Nhg8 22.
a5 c5 23. axb6 axb6 24. Na4 cxd4 25. Qxd4 Qb7 26. c3 Ra8 27. Bf3 Ra6 28. Nb2
Qa7 29. Rxa6 Qxa6 30. Be2 Bxe2 31. Nxe2 Nc6 32. Qd1 Ra7 33. Bf2 Nge7 34. Nd4
Nxd4 35. Qxd4 Rb7 36. Nd3 Nc6 37. Qe3 Qc4 38. Ra1 h6 39. h4 d4 40. cxd4 Nxb4
41. Nxb4 Qxb4 42. h5 Rc7 43. hxg6 fxg6 44. Qe4 Qc3 45. Ra8+ Rc8 46. f5 gxf5 47.
gxf5 Qc1+ 48. Kg2 exf5 49. Qb7 Qg5+ 50. Kf1 Rxa8 51. Qxa8+ Kh7 52. e6 Qc1+ 53.
Kg2 Qg5+ 54. Kf1 Qc1+ 55. Kg2 Qg5+ 56. Kf1 1/2-1/2

[Event "2. Abierto Hotel Cemar 2015"]
[Site "Mondariz ESP"]
[Date "2015.08.18"]
[Round "4.18"]
[White "Campos Calvo-sotelo, Javier"]
[Black "Rebollo Montes, Bernardo"]
[Result "1-0"]
[WhiteElo "2087"]
[BlackElo "1785"]
[PlyCount "159"]
[EventDate "2015.08.16"]
[EventType "swiss"]
[EventRounds "9"]
[EventCountry "ESP"]
[Source "lmi"]
[SourceDate "2015.08.16"]

1. d4 Nf6 2. g3 g6 3. Bg2 Bg7 4. e4 d6 5. Ne2 O-O 6. O-O e5 7. Nbc3 Nbd7 8. h3
Ne8 9. Be3 Qe7 10. Qd2 c6 11. a4 f5 12. Rae1 fxe4 13. Nxe4 d5 14. Bg5 Qf7 15.
N4c3 Nc7 16. Bh6 Bxh6 17. Qxh6 Qg7 18. Qd2 exd4 19. Nxd4 Nf6 20. b4 a6 21. a5
Bd7 22. Na4 Rae8 23. Nc5 Bc8 24. c3 Qf7 25. Nf3 Ne6 26. Nxe6 Bxe6 27. Ng5 Qd7
28. Nxe6 Rxe6 29. Rxe6 Qxe6 30. Re1 Qf7 31. Qd4 Re8 32. Rxe8+ Qxe8 33. c4 dxc4
34. Bf1 Qf7 35. Bxc4 Nd5 36. Qe5 Kf8 37. h4 Kg8 38. f4 Kf8 39. Kf2 Kg8 40. Bxd5
cxd5 41. Ke3 Kf8 42. Kd4 h5 43. Qxd5 Qf6+ 44. Kc4 Qb2 45. Qd8+ Kf7 46. Qd7+ Kf8
47. Qc8+ Ke7 48. Qxb7+ Kf8 49. Qb8+ Kf7 50. Qe5 Qc2+ 51. Qc3 Qe4+ 52. Kb3 Qb1+
53. Kc4 Qf1+ 54. Kc5 Qb5+ 55. Kd6 Qe2 56. Qc7+ Kf8 57. Qd8+ Kf7 58. Qd7+ Kf8
59. b5 Qd2+ 60. Ke6 Qe3+ 61. Kf6 Qc3+ 62. Kxg6 Qxg3+ 63. Kxh5 Qxf4 64. b6 Qf3+
65. Kg6 Qg3+ 66. Kh5 Qf3+ 67. Kg5 Qe3+ 68. Kf6 Qh6+ 69. Ke5 Qxh4 70. Kd6 Qb4+
71. Kc6 Qb5+ 72. Kd6 Qb4+ 73. Kc7 Qxa5 74. Qd6+ Ke8 75. Kb8 Qa1 76. Ka7 Qg1 77.
Ka8 Qg2+ 78. b7 Kf7 79. Ka7 Qg7 80. Qd7+ 1-0

[Event "2. Abierto Hotel Cemar 2015"]
[Site "Mondariz ESP"]
[Date "2015.08.18"]
[Round "4.21"]
[White "Gonzalez Sanchez, Javier"]
[Black "Fernandez Lopez, Ruben"]
[Result "0-1"]
[WhiteElo "1253"]
[BlackElo "1795"]
[PlyCount "72"]
[EventDate "2015.08.16"]
[EventType "swiss"]
[EventRounds "9"]
[EventCountry "ESP"]
[Source "lmi"]
[SourceDate "2015.08.16"]

1. d4 Nf6 2. c4 g6 3. Nc3 d5 4. cxd5 Nxd5 5. e4 Nxc3 6. bxc3 Bg7 7. Bc4 c5 8.
Ne2 Nc6 9. Be3 cxd4 10. cxd4 O-O 11. O-O Bg4 12. f3 Bc8 13. Rb1 Qa5 14. Qc2 Rd8
15. Rb5 Qc7 16. Bxf7+ Kxf7 17. d5 b6 18. dxc6 Ba6 19. Qb3+ e6 20. Nf4 Qxc6 21.
Rf5+ gxf5 22. exf5 Qc4 23. fxe6+ Ke8 24. Qxc4 Bxc4 25. Rc1 Rac8 26. Nh5 Bd4 27.
Bxd4 Rxd4 28. Nf6+ Ke7 29. Nxh7 Bxe6 30. Re1 Rg8 31. g4 Rf4 32. h4 Rxf3 33. Ng5
Rf6 34. Rc1 Kd7 35. Rd1+ Kc7 36. Rc1+ Kb7 0-1

[Event "2. Abierto Hotel Cemar 2015"]
[Site "Mondariz ESP"]
[Date "2015.08.18"]
[Round "4.22"]
[White "Del Prado Rodriguez, Xulio"]
[Black "Buitron Ramil, David"]
[Result "0-1"]
[WhiteElo "1153"]
[BlackElo "1641"]
[PlyCount "86"]
[EventDate "2015.08.16"]
[EventType "swiss"]
[EventRounds "9"]
[EventCountry "ESP"]
[Source "lmi"]
[SourceDate "2015.08.16"]

1. c4 Nf6 2. Nc3 c5 3. g3 Nc6 4. Bg2 g6 5. Nf3 Bg7 6. O-O O-O 7. d3 d6 8. Bg5
Qb6 9. Qc2 a6 10. a3 Bg4 11. Bxf6 Bxf6 12. Rab1 Bxf3 13. Bxf3 Nd4 14. Nd5 Nxf3+
15. exf3 Qc6 16. Nxf6+ exf6 17. Kg2 Rfe8 18. Qc3 Re5 19. Rfe1 Rae8 20. Re4 Rxe4
21. fxe4 f5 22. f3 fxe4 23. dxe4 Rxe4 24. fxe4 Qxe4+ 25. Qf3 Qxb1 26. Qxb7 Qc2+
27. Kh3 Qxc4 28. Qb8+ Kg7 29. Qxd6 Qe6+ 30. Qxe6 fxe6 31. Kg4 Kf6 32. Kf4 e5+
33. Ke4 Ke6 34. b3 a5 35. a4 h5 36. h3 g5 37. g4 h4 38. Kf3 Kd5 39. Ke3 e4 40.
Ke2 Kd4 41. Kd2 e3+ 42. Ke2 Ke4 43. Kf1 Kd3 0-1

[Event "2. Abierto Hotel Cemar 2015"]
[Site "Mondariz ESP"]
[Date "2015.08.18"]
[Round "4.27"]
[White "Otero Campos, Cintia"]
[Black "Romera Carrion, Ruben"]
[Result "1/2-1/2"]
[WhiteElo "1139"]
[BlackElo "1191"]
[PlyCount "34"]
[EventDate "2015.08.16"]
[EventType "swiss"]
[EventRounds "9"]
[EventCountry "ESP"]
[Source "lmi"]
[SourceDate "2015.08.16"]

1. e4 e5 2. Nf3 Nc6 3. d4 exd4 4. Nxd4 Nxd4 5. Qxd4 b6 6. Bc4 Qf6 7. Qxf6 Nxf6
8. Bf4 Bc5 9. h3 O-O 10. O-O Nxe4 11. Bd5 Nxf2 12. Bxa8 Nxh3+ 13. Kh2 Nxf4 14.
Rxf4 Bd6 15. Kg3 Bxf4+ 16. Kxf4 c6 17. Ke5 Ba6 1/2-1/2

[Event "2. Abierto Hotel Cemar 2015"]
[Site "Mondariz ESP"]
[Date "2015.08.19"]
[Round "5.1"]
[White "Espiñeira Gonzalez, Diego"]
[Black "Gomez Garrido, Camilo Ernesto"]
[Result "0-1"]
[WhiteElo "2380"]
[BlackElo "2519"]
[PlyCount "78"]
[EventDate "2015.08.16"]
[EventType "swiss"]
[EventRounds "9"]
[EventCountry "ESP"]
[Source "lmi"]
[SourceDate "2015.08.16"]

1. e4 c5 2. Nf3 d6 3. d4 cxd4 4. Nxd4 Nf6 5. Nc3 a6 6. g3 e5 7. Nb3 Be7 8. Bg2
Bg4 9. Qd3 Nbd7 10. a4 Rc8 11. Be3 Qc7 12. O-O O-O 13. a5 Be6 14. Rfc1 Ng4 15.
Bd2 f5 16. exf5 Bxf5 17. Qd5+ Kh8 18. Qxb7 Qd8 19. f3 Ngf6 20. Qxa6 d5 21. Qe2
d4 22. Ne4 Nxe4 23. fxe4 Be6 24. Ra4 Qc7 25. c4 Qc6 26. Rca1 Bxc4 27. Rxc4 Qxc4
28. Qxc4 Rxc4 29. Bf1 Rcc8 30. Bb5 Nc5 31. Nxc5 Bxc5 32. b4 Ba7 33. Rf1 d3+ 34.
Kg2 Rfd8 35. Bg5 Rd4 36. Ba6 Ra8 37. Rd1 Rxb4 38. Rxd3 Bd4 39. Rf3 h6 0-1

[Event "2. Abierto Hotel Cemar 2015"]
[Site "Mondariz ESP"]
[Date "2015.08.19"]
[Round "5.2"]
[White "Panelo, Marcelo"]
[Black "Campora, Daniel H"]
[Result "1/2-1/2"]
[WhiteElo "2418"]
[BlackElo "2453"]
[PlyCount "52"]
[EventDate "2015.08.16"]
[EventType "swiss"]
[EventRounds "9"]
[EventCountry "ESP"]
[Source "lmi"]
[SourceDate "2015.08.16"]

1. d4 Nf6 2. c4 e6 3. Nf3 b6 4. a3 Bb7 5. Nc3 d5 6. cxd5 Nxd5 7. Bd2 Be7 8. Qc2
O-O 9. e4 Nxc3 10. Bxc3 c5 11. dxc5 bxc5 12. Rd1 Qc8 13. Bc4 Nc6 14. O-O Qc7
15. Qa4 Rad8 16. Ba6 Ba8 17. Bb5 h6 18. Rc1 Qb6 19. Rfd1 Rxd1+ 20. Rxd1 Rb8 21.
Be2 Qc7 22. Bb5 Qb6 23. Be2 Qc7 24. Bb5 Qb6 25. Be2 Qc7 26. Bb5 Qb6 1/2-1/2

[Event "2. Abierto Hotel Cemar 2015"]
[Site "Mondariz ESP"]
[Date "2015.08.19"]
[Round "5.3"]
[White "Del Rey, Diego"]
[Black "Ramiro Ovejero, Juan Luis"]
[Result "1/2-1/2"]
[WhiteElo "2394"]
[BlackElo "2343"]
[PlyCount "64"]
[EventDate "2015.08.16"]
[EventType "swiss"]
[EventRounds "9"]
[EventCountry "ESP"]
[Source "lmi"]
[SourceDate "2015.08.16"]

1. d4 d5 2. c4 c6 3. cxd5 cxd5 4. Nc3 Nf6 5. Nf3 Nc6 6. Bf4 a6 7. e3 Bg4 8. Be2
e6 9. Ne5 Bxe2 10. Qxe2 Nxe5 11. Bxe5 Bd6 12. Bxd6 Qxd6 13. O-O O-O 14. Rfc1
Rac8 15. Rc2 Rc6 16. Rac1 Rfc8 17. h3 Kf8 18. Qd3 g6 19. Ne2 Rxc2 20. Rxc2 Rc6
21. Rxc6 Qxc6 22. Qc3 Qxc3 23. Nxc3 Ke7 24. Kf1 Kd6 25. Ke2 Nd7 26. Kd3 h5 27.
h4 e5 28. f3 f5 29. dxe5+ Nxe5+ 30. Kd4 Nc6+ 31. Kd3 Ne5+ 32. Kd4 Nc6+ 1/2-1/2

[Event "2. Abierto Hotel Cemar 2015"]
[Site "Mondariz ESP"]
[Date "2015.08.19"]
[Round "5.4"]
[White "Oratovsky, Michael"]
[Black "Garcia Sobrino, David"]
[Result "1-0"]
[WhiteElo "2495"]
[BlackElo "2026"]
[PlyCount "53"]
[EventDate "2015.08.16"]
[EventType "swiss"]
[EventRounds "9"]
[EventCountry "ESP"]
[Source "lmi"]
[SourceDate "2015.08.16"]

1. e4 c5 2. Nf3 e6 3. g3 Nc6 4. Bg2 Nf6 5. d3 Be7 6. O-O O-O 7. Re1 d6 8. c3
Bd7 9. a3 Qc7 10. b4 b6 11. Nbd2 Ne5 12. Nxe5 dxe5 13. Bb2 Rfd8 14. Rc1 Bc6 15.
d4 Qd7 16. Nc4 Qb7 17. Nxe5 Bxe4 18. Rxe4 Nxe4 19. Nxf7 Kxf7 20. Qe2 Nxg3 21.
fxg3 Rd5 22. c4 Bf6 23. cxd5 exd5 24. Qh5+ Ke6 25. Re1+ Kd6 26. dxc5+ bxc5 27.
Be5+ 1-0

[Event "2. Abierto Hotel Cemar 2015"]
[Site "Mondariz ESP"]
[Date "2015.08.19"]
[Round "5.5"]
[White "Laliena Solanes, Luis"]
[Black "Rodriguez Lopez, Rafael"]
[Result "0-1"]
[WhiteElo "2207"]
[BlackElo "2255"]
[PlyCount "88"]
[EventDate "2015.08.16"]
[EventType "swiss"]
[EventRounds "9"]
[EventCountry "ESP"]
[Source "lmi"]
[SourceDate "2015.08.16"]

1. d4 Nf6 2. Nf3 g6 3. Nc3 d5 4. Bf4 Bg7 5. Qd2 O-O 6. Bh6 Ne4 7. Nxe4 dxe4 8.
Bxg7 Kxg7 9. Ng5 f5 10. h4 h6 11. Nh3 e5 12. O-O-O exd4 13. Qxd4+ Qxd4 14. Rxd4
Nc6 15. Rd1 f4 16. e3 Bg4 17. Re1 fxe3 18. fxe3 Rad8 19. Nf4 Ne5 20. Be2 Rf6
21. Rd1 Rdd6 22. Rhe1 Bxe2 23. Rxe2 Rxd1+ 24. Kxd1 Nc4 25. b3 Nxe3+ 26. Rxe3
Rxf4 27. g3 Rg4 28. Rc3 c6 29. a4 Kf6 30. a5 a6 31. Rc4 Ke5 32. Rb4 Rxg3 33.
Rxb7 Kd4 34. Rc7 Rg1+ 35. Ke2 Rg2+ 36. Kd1 c5 37. c3+ Kd3 38. Rd7+ Kxc3 39. Rd6
Kxb3 40. Rxa6 Kb4 41. Rc6 Kb5 42. Re6 Kxa5 43. Rxe4 h5 44. Re8 Kb4 0-1

[Event "2. Abierto Hotel Cemar 2015"]
[Site "Mondariz ESP"]
[Date "2015.08.19"]
[Round "5.6"]
[White "Tallarico Tallarico, Ovidio Mario"]
[Black "Sande Edreira, Jose Antonio"]
[Result "1/2-1/2"]
[WhiteElo "2114"]
[BlackElo "2244"]
[PlyCount "69"]
[EventDate "2015.08.16"]
[EventType "swiss"]
[EventRounds "9"]
[EventCountry "ESP"]
[Source "lmi"]
[SourceDate "2015.08.16"]

1. b3 Nf6 2. Bb2 g6 3. Bxf6 exf6 4. c4 d5 5. cxd5 Qxd5 6. Nc3 Qa5 7. a3 c5 8.
e3 Bg7 9. Bb5+ Nc6 10. Nge2 O-O 11. O-O Rd8 12. Qc1 Bf5 13. Bxc6 bxc6 14. d4
Rab8 15. b4 cxb4 16. axb4 Qc7 17. Qa3 Rb7 18. Qa5 Qb8 19. Rfc1 Bf8 20. Qa6 Rc8
21. d5 Bxb4 22. dxc6 Rb6 23. Qxa7 Qxa7 24. Rxa7 Rbxc6 25. Na2 Rxc1+ 26. Naxc1
Rc2 27. Ra2 Rc8 28. h3 Kg7 29. Ra1 Bc2 30. Nd4 Bc3 31. Ra7 Bd1 32. Nce2 Bb2 33.
Ra2 Rb8 34. Ra7 f5 35. Rd7 1/2-1/2

[Event "2. Abierto Hotel Cemar 2015"]
[Site "Mondariz ESP"]
[Date "2015.08.19"]
[Round "5.7"]
[White "De Prado Rodriguez, Oscar Bruno"]
[Black "Rodriguez Dominguez, Miguel I"]
[Result "1-0"]
[WhiteElo "2237"]
[BlackElo "2017"]
[PlyCount "53"]
[EventDate "2015.08.16"]
[EventType "swiss"]
[EventRounds "9"]
[EventCountry "ESP"]
[Source "lmi"]
[SourceDate "2015.08.16"]

1. d4 f5 2. Bf4 Nf6 3. e3 g6 4. h4 Bg7 5. h5 d6 6. h6 Bf8 7. c4 c6 8. Nc3 Be6
9. Nf3 Nbd7 10. Bd3 Qa5 11. Qd2 O-O-O 12. a3 Bg8 13. b4 Qc7 14. d5 Ne5 15. Be2
e6 16. dxe6 Bxe6 17. Qd4 Nfg4 18. Qxa7 Nxc4 19. Bxc4 Bxc4 20. Qd4 Qf7 21. Qxh8
Nf6 22. Bg5 Be7 23. Qg7 Qe6 24. Nd4 Qe5 25. Bf4 Rg8 26. Bxe5 Rxg7 27. hxg7 1-0

[Event "2. Abierto Hotel Cemar 2015"]
[Site "Mondariz ESP"]
[Date "2015.08.19"]
[Round "5.8"]
[White "Lorenzo Duran, Marcos"]
[Black "Adams, Philip"]
[Result "1-0"]
[WhiteElo "2160"]
[BlackElo "2015"]
[PlyCount "107"]
[EventDate "2015.08.16"]
[EventType "swiss"]
[EventRounds "9"]
[EventCountry "ESP"]
[Source "lmi"]
[SourceDate "2015.08.16"]

1. d4 Nf6 2. c4 g6 3. Nc3 Bg7 4. e4 d6 5. Nf3 O-O 6. Be2 a6 7. O-O Bg4 8. Be3
Nfd7 9. Ng5 Bxe2 10. Qxe2 c5 11. d5 h6 12. Nf3 b5 13. Nd2 Nb6 14. f4 Nxc4 15.
Nxc4 bxc4 16. e5 Nd7 17. Ne4 Rb8 18. Rab1 f5 19. exf6 Nxf6 20. Nxf6+ Rxf6 21.
Qxc4 Qc8 22. b3 Rb4 23. Qd3 Qf5 24. Rbd1 Qxd3 25. Rxd3 Rf8 26. g3 Rfb8 27. Kg2
R8b7 28. Bd2 Rd4 29. Rxd4 Bxd4 30. f5 g5 31. Rc1 Kf7 32. Kf3 Kf6 33. Ke4 Rb8
34. g4 Bb2 35. Rb1 Be5 36. h4 c4 37. hxg5+ hxg5 38. Rh1 cxb3 39. axb3 Rxb3 40.
Rh6+ Kf7 41. Bxg5 Rb4+ 42. Kf3 Rb3+ 43. Ke2 Rb4 44. Rh7+ Kg8 45. Rxe7 Rxg4 46.
Be3 a5 47. Ra7 a4 48. Kf3 Rb4 49. Bg5 Rb3+ 50. Kg4 Rd3 51. Kh5 Rxd5 52. Kg6 Bg7
53. Ra8+ Bf8 54. Bh6 1-0